| 000 | 00645nam a22002057a 4500 | ||
|---|---|---|---|
| 005 | 20251108171732.0 | ||
| 008 | 250721s1981 xx 000 0 ara d | ||
| 082 | 1 | 4 | _aم/920/م |
| 100 | 1 | _aالمنذري، زكي الدين أبو محمد عبد العظيم بن عبد القوي | |
| 245 | 1 | 0 | _aالتكملة لوفيات النقلة / |
| 250 | _aط2 | ||
| 264 | 1 |
_aبيروت : _bمؤسسة الرسالة، _c1981. |
|
| 300 | _a4مج | ||
| 650 | 1 | 7 | _aالمحدثون |
| 650 | 1 | 7 | _aرجال الحديث |
| 650 | 1 | 7 | _aتراجم |
| 700 | 1 |
_aمعروف، بشار عواد _eتحقيق |
|
| 942 |
_2ddc _cREF |
||
| 999 |
_c61195 _d61195 |
||